000
00359nam a2200133Ia 4500
003
GCL
008
140319s9999 xx 000 0 ara d
040
_a
GCL /
_c
GCL
082
0
4
_a
649
_b
خ ح
245
1
0
_a
حتى يصل طبيب اطفال
260
_a
[S.N] :
_b
الهيئة المصرية العامة للكتاب ،
_c
1988
300
_a
132 ص
490
_a
999
_c
59131
_d
59131